| 000 | 00778cam a2200205 4500 | ||
|---|---|---|---|
| 008 | 000000n2000 000 0 eng u | ||
| 035 | _a(Sirsi) u107300 | ||
| 245 | _aRadical changes at Ministry of Agriculture | ||
| 260 | _c2000 | ||
| 490 |
_aFarmers Guardian _v 21 July 2000, 6(2) |
||
| 520 | _aConsiders the effects of an increase in the Ministry of Agriculture's annual budget. Looks at where the money will be spent, likely restructuring of the Ministry, and reaction from farming organisations. | ||
| 590 | _aWB | ||
| 650 | _aMINISTRY OF AGRICULTURE | ||
| 650 | _aCOMMON AGRICULTURE POLICY PAYMENTS AGENCY | ||
| 650 | _aMODERNISING OF GOVERNMENT | ||
| 650 | _aENGLAND RURAL DEVELOPMENT PLAN | ||
| 650 | _aSPENDING REVIEW | ||
| 690 |
_aRural _96268 |
||
| 942 | _n0 | ||
| 999 |
_c64151 _d64151 |
||